000 00555nam a2200181Ia 4500
008 090630s9999 xx 000 0 und d
082 _b28096
100 _aभावे राम.
245 _aभावलेली माणसं.
_cभावे राम.
260 _bशिवम.
_c2005
300 _a143
600 _aभावे राम.
630 _aभावलेली माणसं.
655 _aलघुकथा.
700 _aभावे राम.
730 _aभावलेली माणसं.
942 _cBOOK
999 _c279952
_d279952